Living in the environment:principles,connections and solutions/ (Record no. 1927)

000 -LEADER
fixed length control field 00609nam a22001697a 4500
008 - FIXED-LENGTH DATA ELEMENTS--GENERAL INFORMATION
fixed length control field 150703b xxu||||| |||| 00| 0 eng d
020 ## - INTERNATIONAL STANDARD BOOK NUMBER
International Standard Book Number 0534376975
050 ## - LIBRARY OF CONGRESS CALL NUMBER
Classification number GE 105 .M547 2002
100 ## - MAIN ENTRY--PERSONAL NAME
Personal name Miller,G Tyler.
Dates associated with a name 2002.
245 ## - TITLE STATEMENT
Title Living in the environment:principles,connections and solutions/
Statement of responsibility, etc. Miller,G Tyler.
250 ## - EDITION STATEMENT
Edition statement Twelfth ed
260 ## - PUBLICATION, DISTRIBUTION, ETC. (IMPRINT)
Place of publication, distribution, etc. USA:
Name of publisher, distributor, etc. Thomson learning,
Date of publication, distribution, etc. 2002.
300 ## - PHYSICAL DESCRIPTION
Extent xx,758[137]p.
Other physical details index
440 ## - SERIES STATEMENT/ADDED ENTRY--TITLE
Title Living in the environment:principles,connections and solutions/
650 ## - SUBJECT ADDED ENTRY--TOPICAL TERM
Topical term or geographic name as entry element environment
942 ## - ADDED ENTRY ELEMENTS (KOHA)
Source of classification or shelving scheme
Koha item type Hard Covered Materials
Classification part GE 105 .M547 2002
Call number prefix GE
Call number suffix 105 .M547 2002
Holdings
Withdrawn status Lost status Source of classification or shelving scheme Damaged status Not for loan Home library Current library Shelving location Date acquired Source of acquisition Total Checkouts Full call number Barcode Date last seen Date last checked out Price effective from Koha item type
          MACHAKOS UNIVERSITY LIBRARY MACHAKOS UNIVERSITY LIBRARY Technical section 03/07/2015 B.F.A 1 GE 105 .M547 2002 5911 31/05/2018 26/03/2016 03/07/2015 Hard Covered Materials
© Machakos University Library, Along The Highway, Machakos Wote Rd, Machakos, Kenya P.O. Box 136 - 90100 Machakos - Kenya

Tel: ( +254 ) 723 805829 OR Fax : 044-20353 OR Email: library@mksu.ac.ke